000 00340nam a2200145Ia 4500
008 230917s9999||||xx |||||||||||||| ||und||
040 _e82857
_aMAIN
041 _aEnglish
082 _a152 P653O
100 _aPinel, John P J
245 0 _aBiopsychology
260 _aBoston
_bAllyn and Bacon
_c1990
300 _axi, 576 p.
942 _cBK
999 _c78815
_d78815